书目信息 |
| 题名: |
漫游世界建筑群之美丽·连接
|
|
| 作者: | 克鲁克香克 著 ;吴捷 , 杨小军 译 | |
| 分册: | ||
| 出版信息: | 北京 中国水利水电出版社 2016.1 |
|
| 页数: | 121页 | |
| 开本: | 23cm | |
| 丛书名: | BBC经典纪录片图文书系列 | |
| 单 册: | ||
| 中图分类: | TU-861 | |
| 科图分类: | ||
| 主题词: | 建筑艺术--世界--普及读物 | |
| 电子资源: | ||
| ISBN: | 978-7-5170-4197-9 | |
| 000 | 01086nam 2200277 450 | |
| 001 | 0400004482 | |
| 005 | 20171026094444.65 | |
| 010 | @a978-7-5170-4197-9@dCNY39.00 | |
| 100 | @a20160614d2016 em y0chiy50 ea | |
| 101 | 1 | @achi@ceng |
| 102 | @aCN@b110000 | |
| 105 | @aa z 000yy | |
| 106 | @ar | |
| 200 | 1 | @a漫游世界建筑群之美丽·连接@9man you shi jie jian zhu qun zhi mei li · lian jie@b专著@f(英)丹·克鲁克香克(Dan Cruickshank)著@g吴捷,杨小军译 |
| 210 | @a北京@c中国水利水电出版社@d2016.1 | |
| 215 | @a121页@c图,照片@d23cm | |
| 225 | 1 | @aBBC经典纪录片图文书系列 |
| 330 | @a本书系以纪录片内容为基础,配置以更为精美细致的建筑图片,按照8个主题为大众讲解了足以震撼世界的36座建筑,并探寻这些建筑背后更为震撼的故事、文化的起因和曾经的人物传说。 | |
| 461 | 0 | @12001 @aBBC经典纪录片图文书系列 |
| 606 | 0 | @a建筑艺术@y世界@j普及读物 |
| 690 | @aTU-861@v5 | |
| 701 | 0 | @c(英)@a克鲁克香克@9ke lu ke xiang ke@c(Cruickshank, Dan)@4著 |
| 702 | 0 | @a吴捷@9wu jie@4译 |
| 702 | 0 | @a杨小军@9yang xiao jun@4译 |
| 801 | 0 | @aCN@b91MARC@c20171024 |
| 905 | @b1034781-5@dTU-861@f5@e168 | |
| 漫游世界建筑群之美丽·连接/(英)丹·克鲁克香克(Dan Cruickshank)著/吴捷,杨小军译.-北京:中国水利水电出版社,2016.1 |
| 121页:图,照片;23cm.-(BBC经典纪录片图文书系列) |
| ISBN 978-7-5170-4197-9:CNY39.00 |
| 本书系以纪录片内容为基础,配置以更为精美细致的建筑图片,按照8个主题为大众讲解了足以震撼世界的36座建筑,并探寻这些建筑背后更为震撼的故事、文化的起因和曾经的人物传说。 |
| ● |
| 相关链接 |
|
|
|
|
正题名:漫游世界建筑群之美丽·连接
索取号:TU-861/168
 
预约/预借
| 序号 | 登录号 | 条形码 | 馆藏地/架位号 | 状态 | 备注 |
| 1 | 1034781 | 210347819 | 第二样本阅览室/ [索取号:TU-861/168] | 在馆 | |
| 2 | 1034782 | 210347828 | 密集书库-生命科学系/ [索取号:TU-861/168] | 在馆 | |
| 3 | 1034783 | 210347837 | 第三借阅区/ [索取号:TU-861/168] | 在馆 | |
| 4 | 1034784 | 210347846 | 第三借阅区/ [索取号:TU-861/168] | 在馆 | |
| 5 | 1034785 | 210347855 | 第三借阅区/ [索取号:TU-861/168] | 在馆 |